| 000 | 00745cam a22001815a 4500 | ||
|---|---|---|---|
| 001 | L156006 | ||
| 008 | 120424s1819 xxk f 000 0 eng d | ||
| 035 | _a(Sirsi) u156006 | ||
| 041 | 0 | _aeng | |
| 100 | 1 | _aStitt, William | |
| 245 | 0 | 4 |
_aThe Practical Architect's Ready Assistant _bor, Builder's complete companion: exhibiting in a comprehensive form the standard prices, and the various trades connected with it ... Also, The Timber Merchant's Assistant ... Embellished with ... engravings. |
| 260 |
_aDublin _bPrinted for the Author, by James Charles _c1819 |
||
| 300 |
_a358 p. _c8o |
||
| 583 |
_aCondition reviewed _c20120620 _lcondition level 2 |
||
| 651 | 4 |
_aGreat Britain _y1707- |
|
| 690 |
_aConstruction management _96230 |
||
| 942 | _n0 | ||
| 999 |
_c113973 _d113973 |
||